=LDR 00000nam 2200000 4500 =001 INLIS000000000051077 =005 20241001040150 =035 ##$$a 0010-0817000260 =008 241001###########################0#ind## =020 ##$$a 978-602-98174-4-7 =082 ##$$a 372.21 =084 ##$$a 372.21 NUR e =100 #$$a Nur Laili M =245 1#$$a 60 smart activities for school : $b Membandingkan, menghitung, mengamati, mengurutkan p[ola, mengenal angka dan bilangan, mengenal bentuk geometri, menganal jam /$c Nur Laili M =250 ##$$a Cet. 1 =260 ##$$a Jogjakarta :$b Javalitera,$c 2011 =300 ##$$a 64 hlm. : $b Ilus. ; $c 17 x 24 cm =990 ##$$a 21702010 =990 ##$$a 21702009 =990 ##$$a 21702008 =990 ##$$a 21702007 =990 ##$$a 21702006 =990 ##$$a 21702009 =990 ##$$a 21702010 =990 ##$$a 21702008 =990 ##$$a 21702007 =990 ##$$a 21702006